Kerala minimum wages rules 1958 (corrected upto 31st December 1966) (Record no. 21968)

MARC details
000 -LEADER
fixed length control field 00330nam a2200109Ia 4500
082 ## - DEWEY DECIMAL CLASSIFICATION NUMBER
Classification number 331.2(548.3)
Item number KER
245 #0 - TITLE STATEMENT
Title Kerala minimum wages rules 1958 (corrected upto 31st December 1966)
260 ## - PUBLICATION, DISTRIBUTION, ETC. (IMPRINT)
Place of publication Trivandrum
Name of publisher Kerala Gazette
Year of publication 1958
650 ## - SUBJECT ADDED ENTRY--TOPICAL TERM
Topical Term Minimum wages rules
942 ## - ADDED ENTRY ELEMENTS (KOHA)
Koha item type Books
Holdings
Withdrawn status Lost status Damaged status Not for loan Home library Current library Date acquired Full call number Accession Number Koha item type
        RRII Library RRII Library 16/12/2021 331.2(548.3) KER 02684 Books